|
|
|
|
| LEADER |
00695cam a2200217 7i4500 |
| 001 |
0000040034 |
| 005 |
20170218090000.0 |
| 020 |
|
|
|a 0538731419 (pbk.)
|
| 020 |
|
|
|a 9780538731416 (pbk.)
|
| 090 |
0 |
0 |
|a HF5736
|b .R45 2011
|
| 100 |
1 |
|
|a Read, Judith
|
| 245 |
1 |
0 |
|a Records management
|c Judith Read, Mary Lea Gin.
|
| 250 |
|
|
|a 9th ed.
|
| 260 |
|
|
|a Australia:
|b South-Western/Cengage Learning,
|c 2011.
|
| 300 |
|
|
|a xii, 434 p.:
|b col. ill.;
|c 28 cm.
|
| 650 |
0 |
0 |
|a Filing systems
|
| 650 |
0 |
0 |
|a Records --
|x Management
|
| 700 |
1 |
|
|a Ginn, Mary Lea
|
| 997 |
|
|
|a Business & Accountancy, Faculty
|
| 998 |
|
|
|a Administration Management, Diploma
|
| 999 |
|
|
|a 0000053335
|b BOK
|c OPEN SHELF
|e 1st Floor, Shah Alam
|